Quotes by Actor Quiz Stats

 Plays Quiz not verified by Sporcle

Challenge
Share
Tweet
Embed
Score 0/20 Timer 06:00
0 Plays Today
Quote Character % Correct
'We all different, but in the end, we all fruit.'Gus Portokalos
95.2%
'Oh, that's okay. I make lamb.' Aunt Voula
94.5%
'May I please date your daughter?'Ian Miller
94.1%
'Put some Windex.' Gus Portokalos
93.7%
'So I go to the doctor, and he did the bio... the b... the... the bios... the... b... the 'bobopsy.' Inside the lump he found teeth and a spinal cord. Yes. Inside lump was my twin.Aunt Voula
92.6%
'Nice Greek girls who don't find a husband, work in the family restaurant. So here I am, day after day, year after year, thirty and way past my expiration date.'Toula Portokalos
92.3%
'Give me a word, any word, and I show you that the root of that word is Greek.'Gus Portokalos
92.3%
'Seating hostess, actually.'Toula Portokalos
91.1%
'I've never seen my sister this happy, Ian. If you hurt her, I'll kill you and make it look like an accident.'Nick Portokalos
90.4%
'Nicko! Don't play with the food! When I was your age, we didn't have food!'Maria Portokalos
90%
Quote Character % Correct
'Kimono, kimono, kimono. Ha! Of course! Kimono is come from the Greek word himona, is mean winter. So, what do you wear in the wintertime to stay warm? A robe. You see: robe, kimonGus Portokalos
90%
'My dad believed in two things: That Greeks should educate non Greeks about being Greek and every ailment from psoriasis to poison ivy can be cured with Windex.'Toula Portokalos
89.7%
'Let me tell you something, Toula. The man is the head, but the woman is the neck. And she can turn the head any way she wants.'Maria Portokalos
88.9%
'There's a hole in this cake!'Maria Portokalos
88.6%
'There are two kinds of people - Greeks, and everyone else who wish they was Greek.'Gus Portokalos
87.1%
'WHAT is going on? Mr. Pottery class... nice to meet ya.'Nikki
84.9%
'If nagging were an Olympic sport, my Aunt Voula would win a gold medal!'Toula Portokalos
82.7%
'We never think this day would come. Never'Uncle Taki
49.8%
'Bloodthirsty Turks!'Yiayia
47.6%
'For Godsake, I know! Listen. Keep your mother off my lawn, out of my basement, and away from my roof!'Mrs. White
41%

You're not logged in!

Compare scores with friends on all Sporcle quizzes.
OR
Log In

You Might Also Like...

Show Comments

Extras

Created May 11, 2011SourceReportNominate
Tags:Movie Quotes Quiz

Top Quizzes Today


Score Distribution

Your Account Isn't Verified!

In order to create a playlist on Sporcle, you need to verify the email address you used during registration. Go to your Sporcle Settings to finish the process.

Report this User

Report this user for behavior that violates our Community Guidelines.

Details: